Evolución de las redes móviles de tercera y cuarta generación LTE y Wimax
Presenta un estudio de los avances tecnológicos de los sistemas Long Term Evolution LTE. 3rd Generation Partnership Project 3GPP y Movile Wimax IEEE 802.16e - 2005 y del estado actual de los dos candidatos principales que pueden llegar a convertirse en un estándar de la industria de la tecnologí...
| Main Authors: | , |
|---|---|
| Other Authors: | |
| Format: | Tesis Section = Libro |
| Language: | Undetermined Spanish |
| Published: |
Managua
UNI
2010
|
| Subjects: |
| LEADER | 01166nam a2200253Ia 4500 | ||
|---|---|---|---|
| 008 | 240830s9999 xx 000 0 und d | ||
| 040 | |a BIBLIOTECA-RUSB/ T.Mon 621.382 G633 | ||
| 041 | |a spa | ||
| 082 | |a T.Mon 621.382 G633 | ||
| 100 | 1 | |a Gómez Castillo, Moisés M. | |
| 100 | 1 | |b Ordóñez Dávila, Leonel E | |
| 245 | 1 | 0 | |a Evolución de las redes móviles de tercera y cuarta generación LTE y Wimax |
| 260 | |a Managua |b UNI |c 2010 | ||
| 300 | |a 47 p. :il. | ||
| 502 | |a Tesis (Ingeniero en Computación) - UNI, 2010. | ||
| 520 | 3 | |a Presenta un estudio de los avances tecnológicos de los sistemas Long Term Evolution LTE. 3rd Generation Partnership Project 3GPP y Movile Wimax IEEE 802.16e - 2005 y del estado actual de los dos candidatos principales que pueden llegar a convertirse en un estándar de la industria de la tecnología de datos inalámbricos. | |
| 650 | 7 | |a SISTEMAS DE COMUNICACIÓN | |
| 650 | 7 | |b COMUNICACIONES INALÁMBRICAS | |
| 650 | 7 | |c SISTEMAS DE COMUNICACIÓN DE BANDA ANCHA | |
| 650 | 7 | |d SISTEMAS DE COMUNICACIÓN MÓVILES | |
| 700 | 1 | |a Tutor: |b Roldán Paredes, Ariel | |
| 942 | |c BK |2 ddc | ||
| 991 | |a TESIS | ||
| 999 | |c 21854 | ||